Tagalog I Numbers - Statistiques

Statistiques générales
  • Ce quiz a été pris 7 fois
  • Le résultat moyen est 8 sur 10
Statistiques - réponses
Hint Réponse % Correct
Six Anim
100%
Four Apat
100%
Two Dalawa
100%
One Isa
100%
Three Tatlo
100%
Five Lima
80%
Seven Pito
80%
Eight Walo
80%
Nine Siyam
60%
Ten Sampu
40%
Aucun quiz correspondant
Distribution des résultats
% des personnes avec chaque résultat
Percentile par nombre de réponses
Votre historique - résultats
Vous n’avez pas pris ce quiz